000 005650000a22001810004500
003 MACL
005 20160420112748.0
008 160420b xxu||||| |||| 00| 0 eng d
040 _aMACL
_cMACL
041 _aHindi
082 _a070 SIN
100 _aसिंह देवव्रत
_952748
245 _aभारतीय इलेक्‍ट्रॉनिक मीडिया
260 _bप्रभात प्रकाशन
_c2007
_aनई दिल्‍ली
350 _a350
650 _aJournalism
_952749
942 _cHIN
_k070/SIN
_2ddc
999 _c42037
_d42037